00533nam a22001697a 450000500170000001000150001702000260003203500130005803700130007108200120008410000190009624500810011526000340019627000710023030000420030150000200034320130520114321.0 aENG-107226 a9788120347281c795.00 aEN-90759 bDBAD/PUB a004.165 aGibson, Darril aCompTIA A+ :cby Darril Gibsonbexam 220-801 and exam 220-802 training kit / aNew DelhibPHI Learningc2013 aRijhim House, 111, Patparganj Industrial EstatebNew Delhie110012 axliv,977p.:bill.c24cm(pbk)e1CD-ROM aincludes index